History of Rhode Island - Statistics

General Stats
  • This quiz has been taken 16 times
  • The average score is 10 of 18
Answer Stats
Clue Answer % Correct
City on Aquidneck Island known for its historic Gilded Age mansions Newport
92%
Ivy League college founded in Providence in 1764 Brown University
83%
U.S. President whose wedding was held at St. Mary's Church in 1953 John F. Kennedy
83%
Puritan who founded Rhode Island in 1636 Roger Williams
83%
Original full name of Rhode Island before 2020 State of Rhode Island and Providence {Plantation}s
83%
Document that Rhode Island rejected multiple times and was the last to ratify of the original 13 colonies U.S. Constitution
83%
Island settled in 1661 by sixteen families from Massachusetts Block Island
67%
Cornelius Vanderbilt II The {Breakers}
67%
Singer who played an electric guitar at a folk festival in 1965, sparking controversy Bob Dylan
58%
Providence suburb originally known as Pawtuxet Cranston
58%
Sailing race held in Rhode Island from 1930-1983 America's Cup
42%
Woman involved in the Antinomian Controversy who co-founded Portsmouth, RI Anne Hutchinson
42%
College founded in Smithfield in 1863 Bryant University
42%
William Shepard Wetmore Chateau-Sur-{Mer}
42%
Industrialist who established the first water-powered textile mill in the U.S. Samuel {Slater}
42%
Horror writer born in Providence in 1890 who died in 1937 H.P. Lovecraft
33%
William Kissam Vanderbilt {Marble} House
25%
Edward Julius Berwind The {Elms}
17%
No matching quizzes found
Score Distribution
Percent of People with Each Score
Percentile by Number Answered
Your Score History
You have not taken this quiz